| 000 | 00584 a2200217 4500 | ||
|---|---|---|---|
| 005 | 20240722160156.0 | ||
| 008 | 240722b |||||||| |||| 00| 0 eng d | ||
| 020 |
_a9780000991799 _cRs. 1295.00 |
||
| 040 | _aMAIN | ||
| 082 |
_a621.38 _bA25S |
||
| 100 | _aAlegria, Francisco AndrĂ© CorrĂȘa | ||
| 245 | _aSensors and actuators | ||
| 260 |
_bWorld Scientific _c2024 _aSingapore |
||
| 300 | _axviii, 384 | ||
| 650 | _aNanotechnology | ||
| 650 | _aElectric Field | ||
| 650 | _aLED | ||
| 650 | _aElectromagnetic Radiation | ||
| 650 | _aCommunication with Sensor | ||
| 942 | _cBK | ||
| 999 |
_c312185 _d312185 |
||